[Event "April 9 Early 2024"]
[Site "Chess.com"]
[Date "2024.04.10"]
[Round "10"]
[White "Lesbekova, Assel"]
[Black "Sai Han Thiha"]
[Result "1-0"]
[Board "129"]
[WhiteFideId "13713248"]
[BlackFideId "13012290"]
[WhiteTitle "WCM"]
[BlackTitle "FM"]
[WhiteElo "2339"]
[BlackElo "2512"]
[WhiteTeam "KGZ"]
[BlackTeam "MYA"]
[WhiteClock "0:00:13"]
[BlackClock "0:00:00"]
[Variant "Standard"]

1. e4 {[%clk 0:03:00]}  c6 {[%clk 0:03:00]} 2. d4 {[%clk 0:02:59]}  d5 {[%clk 0:03:01]} 3. e5 {[%clk 0:02:59]}  c5 {[%clk 0:03:01]} 4. dxc5 {[%clk 0:02:59]}  e6 {[%clk 0:03:01]} 5. a3 {[%clk 0:03:00]}  Bxc5 {[%clk 0:03:01]} 6. b4 {[%clk 0:03:00]}  Be7 {[%clk 0:03:02]} 7. Nf3 {[%clk 0:03:00]}  Nd7 {[%clk 0:02:59]} 8. Bd3 {[%clk 0:03:00]}  f6 {[%clk 0:02:58]} 9. Bb2 {[%clk 0:02:59]}  fxe5 {[%clk 0:02:53]} 10. Nxe5 {[%clk 0:02:59]}  Nxe5 {[%clk 0:02:54]} 11. Qh5+ {[%clk 0:02:47]}  Nf7 {[%clk 0:02:11]} 12. Bxg7 {[%clk 0:02:46]}  Bf6 {[%clk 0:02:12]} 13. Bxh8 {[%clk 0:02:46]}  Bxh8 {[%clk 0:02:13]} 14. c3 {[%clk 0:02:38]}  Nf6 {[%clk 0:02:12]} 15. Qh4 {[%clk 0:02:34]}  e5 {[%clk 0:02:10]} 16. Bxh7 {[%clk 0:02:31]}  Nxh7 {[%clk 0:02:01]} 17. Qxh7 {[%clk 0:02:32]}  Qg5 {[%clk 0:02:01]} 18. Qd3 {[%clk 0:02:17]}  Bf5 {[%clk 0:01:26]} 19. Qxd5 {[%clk 0:02:07]}  Rd8 {[%clk 0:01:10]} 20. Qb5+ {[%clk 0:02:07]}  Bd7 {[%clk 0:01:10]} 21. Qd5 {[%clk 0:01:56]}  Bc6 {[%clk 0:00:53]} 22. Qe6+ {[%clk 0:01:54]}  Kf8 {[%clk 0:00:52]} 23. Ke2 {[%clk 0:01:50]}  Qxg2 {[%clk 0:00:41]} 24. Nd2 {[%clk 0:01:50]}  Rxd2+ {[%clk 0:00:33]} 25. Kxd2 {[%clk 0:01:51]}  Qxf2+ {[%clk 0:00:33]} 26. Kd3 {[%clk 0:01:44]}  e4+ {[%clk 0:00:18]} 27. Kc4 {[%clk 0:01:44]}  Ne5+ {[%clk 0:00:19]} 28. Kb3 {[%clk 0:01:42]}  Nf3 {[%clk 0:00:11]} 29. Qh6+ {[%clk 0:01:33]}  Bg7 {[%clk 0:00:11]} 30. Qd6+ {[%clk 0:01:31]}  Kg8 {[%clk 0:00:11]} 31. Qe6+ {[%clk 0:01:29]}  Kh7 {[%clk 0:00:11]} 32. Qh3+ {[%clk 0:01:29]}  Kg8 {[%clk 0:00:11]} 33. Rad1 {[%clk 0:01:22]}  Nd2+ {[%clk 0:00:10]} 34. Rxd2 {[%clk 0:01:12]}  Qxd2 {[%clk 0:00:11]} 35. Qc8+ {[%clk 0:01:12]}  Kh7 {[%clk 0:00:11]} 36. Qf5+ {[%clk 0:01:13]}  Kh8 {[%clk 0:00:11]} 37. Qc8+ {[%clk 0:01:11]}  Kh7 {[%clk 0:00:09]} 38. Qf5+ {[%clk 0:01:12]}  Kh6 {[%clk 0:00:09]} 39. Qh3+ {[%clk 0:01:11]}  Kg6 {[%clk 0:00:07]} 40. Rg1+ {[%clk 0:01:11]}  Kf7 {[%clk 0:00:07]} 41. Qh5+ {[%clk 0:01:09]}  Kg8 {[%clk 0:00:06]} 42. Qe5 {[%clk 0:00:54]}  Bd5+ {[%clk 0:00:04]} 43. Ka4 {[%clk 0:00:51]}  Qc2+ {[%clk 0:00:04]} 44. Ka5 {[%clk 0:00:48]}  b6+ {[%clk 0:00:04]} 45. Kb5 {[%clk 0:00:45]}  a6+ {[%clk 0:00:05]} 46. Kxb6 {[%clk 0:00:43]}  Qf2+ {[%clk 0:00:03]} 47. Qd4 {[%clk 0:00:32]}  Qxd4+ {[%clk 0:00:03]} 48. cxd4 {[%clk 0:00:33]}  e3 {[%clk 0:00:04]} 49. Kc5 {[%clk 0:00:29]}  Bf3 {[%clk 0:00:03]} 50. d5 {[%clk 0:00:27]}  e2 {[%clk 0:00:03]} 51. d6 {[%clk 0:00:24]}  Kf7 {[%clk 0:00:03]} 52. d7 {[%clk 0:00:23]}  Bf6 {[%clk 0:00:03]} 53. Kd6 {[%clk 0:00:20]}  Bh4 {[%clk 0:00:03]} 54. Kc7 {[%clk 0:00:18]}  Bg2 {[%clk 0:00:00]} 55. Rc1 {[%clk 0:00:13]} 1-0

[Event "April 9 Early 2024"]
[Site "Chess.com"]
[Date "2024.04.09"]
[Round "10"]
[White "Diaz Herquinio, Brahian"]
[Black "Essing, Arnold"]
[Result "1-0"]
[Board "130"]
[WhiteFideId "3809480"]
[BlackFideId "4619862"]
[WhiteTitle "CM"]
[BlackTitle "FM"]
[WhiteElo "2507"]
[BlackElo "2333"]
[WhiteTeam "PER"]
[BlackTeam "GER"]
[WhiteClock "0:00:12"]
[BlackClock "0:00:26"]
[Variant "Standard"]

1. e4 {[%clk 0:02:53]}  Nf6 {[%clk 0:03:00]} 2. d3 {[%clk 0:02:46]}  e5 {[%clk 0:02:56]} 3. Nd2 {[%clk 0:02:47]}  d5 {[%clk 0:02:56]} 4. Ngf3 {[%clk 0:02:48]}  Nc6 {[%clk 0:02:56]} 5. c3 {[%clk 0:02:47]}  dxe4 {[%clk 0:02:52]} 6. dxe4 {[%clk 0:02:47]}  Bc5 {[%clk 0:02:53]} 7. Bc4 {[%clk 0:02:46]}  a5 {[%clk 0:02:50]} 8. a4 {[%clk 0:02:46]}  O-O {[%clk 0:02:49]} 9. O-O {[%clk 0:02:46]}  Bg4 {[%clk 0:02:49]} 10. h3 {[%clk 0:02:46]}  Bh5 {[%clk 0:02:49]} 11. Re1 {[%clk 0:02:44]}  Qe7 {[%clk 0:02:45]} 12. Nf1 {[%clk 0:02:40]}  Rad8 {[%clk 0:02:43]} 13. Qe2 {[%clk 0:02:40]}  h6 {[%clk 0:02:34]} 14. Ng3 {[%clk 0:02:34]}  Bg6 {[%clk 0:02:34]} 15. Nh4 {[%clk 0:02:30]}  Kh7 {[%clk 0:02:18]} 16. Qf3 {[%clk 0:02:25]}  Qd7 {[%clk 0:02:00]} 17. Nhf5 {[%clk 0:02:11]}  Bxf5 {[%clk 0:01:55]} 18. Nxf5 {[%clk 0:02:10]}  Ng8 {[%clk 0:01:46]} 19. b3 {[%clk 0:01:15]}  Nce7 {[%clk 0:01:35]} 20. Ne3 {[%clk 0:01:01]}  Ng6 {[%clk 0:01:23]} 21. Ng4 {[%clk 0:00:52]}  c6 {[%clk 0:01:17]} 22. Qg3 {[%clk 0:00:51]}  Qe7 {[%clk 0:01:12]} 23. Be3 {[%clk 0:00:44]}  Bxe3 {[%clk 0:01:10]} 24. Nxe3 {[%clk 0:00:43]}  Rd2 {[%clk 0:01:04]} 25. Nf5 {[%clk 0:00:42]}  Qf6 {[%clk 0:01:05]} 26. Rad1 {[%clk 0:00:38]}  Rfd8 {[%clk 0:01:05]} 27. Rxd2 {[%clk 0:00:38]}  Rxd2 {[%clk 0:01:06]} 28. Qe3 {[%clk 0:00:39]}  Rd8 {[%clk 0:01:01]} 29. Qb6 {[%clk 0:00:39]}  Rd7 {[%clk 0:00:59]} 30. Qxa5 {[%clk 0:00:35]}  Nf4 {[%clk 0:00:59]} 31. Qc5 {[%clk 0:00:24]}  Rd2 {[%clk 0:00:50]} 32. Qe3 {[%clk 0:00:22]}  Rb2 {[%clk 0:00:49]} 33. a5 {[%clk 0:00:18]}  Qg5 {[%clk 0:00:47]} 34. Ng3 {[%clk 0:00:17]}  Rd2 {[%clk 0:00:42]} 35. Qf3 {[%clk 0:00:10]}  Nf6 {[%clk 0:00:36]} 36. Rd1 {[%clk 0:00:09]}  Rxd1+ {[%clk 0:00:36]} 37. Qxd1 {[%clk 0:00:10]}  h5 {[%clk 0:00:34]} 38. Qf3 {[%clk 0:00:09]}  h4 {[%clk 0:00:35]} 39. Ne2 {[%clk 0:00:08]}  Nxe2+ {[%clk 0:00:33]} 40. Qxe2 {[%clk 0:00:07]}  Qc1+ {[%clk 0:00:34]} 41. Kh2 {[%clk 0:00:08]}  Qxc3 {[%clk 0:00:34]} 42. a6 {[%clk 0:00:07]}  bxa6 {[%clk 0:00:34]} 43. Bxa6 {[%clk 0:00:08]}  Qxb3 {[%clk 0:00:34]} 44. Bc4 {[%clk 0:00:09]}  Qc3 {[%clk 0:00:33]} 45. Bxf7 {[%clk 0:00:09]}  Qd4 {[%clk 0:00:33]} 46. f3 {[%clk 0:00:09]}  Nh5 {[%clk 0:00:31]} 47. Bxh5 {[%clk 0:00:09]}  c5 {[%clk 0:00:31]} 48. Bg4 {[%clk 0:00:08]}  c4 {[%clk 0:00:31]} 49. Qe1 {[%clk 0:00:08]}  c3 {[%clk 0:00:31]} 50. Qxh4+ {[%clk 0:00:08]}  Kg8 {[%clk 0:00:31]} 51. Be6+ {[%clk 0:00:08]}  Kf8 {[%clk 0:00:32]} 52. Qh8+ {[%clk 0:00:09]}  Ke7 {[%clk 0:00:32]} 53. Bg4 {[%clk 0:00:08]}  c2 {[%clk 0:00:29]} 54. Qxg7+ {[%clk 0:00:09]}  Kd6 {[%clk 0:00:29]} 55. Qd7+ {[%clk 0:00:09]}  Kc5 {[%clk 0:00:28]} 56. Qc7+ {[%clk 0:00:10]}  Kb4 {[%clk 0:00:29]} 57. Qxc2 {[%clk 0:00:11]}  Qe3 {[%clk 0:00:29]} 58. Qd1 {[%clk 0:00:10]}  Qf4+ {[%clk 0:00:28]} 59. Kh1 {[%clk 0:00:10]}  Qg3 {[%clk 0:00:28]} 60. Be6 {[%clk 0:00:10]}  Kc3 {[%clk 0:00:27]} 61. Bd5 {[%clk 0:00:10]}  Kb4 {[%clk 0:00:27]} 62. Qb3+ {[%clk 0:00:10]}  Kc5 {[%clk 0:00:27]} 63. Qb1 {[%clk 0:00:11]}  Kd4 {[%clk 0:00:27]} 64. Qg1+ {[%clk 0:00:12]}  Kd3 {[%clk 0:00:27]} 65. Qf1+ {[%clk 0:00:12]}  Ke3 {[%clk 0:00:27]} 66. Kg1 {[%clk 0:00:12]}  Kf4 {[%clk 0:00:26]} 67. Qc1# {[%clk 0:00:12]} 1-0

[Event "April 9 Early 2024"]
[Site "Chess.com"]
[Date "2024.04.09"]
[Round "10"]
[White "Lauda, Alexandr"]
[Black "Liu, Yi"]
[Result "1-0"]
[Board "131"]
[WhiteFideId "13903179"]
[BlackFideId "3210588"]
[WhiteTitle "CM"]
[BlackTitle "FM"]
[WhiteElo "2319"]
[BlackElo "2503"]
[WhiteTeam "MDA"]
[BlackTeam "AUS"]
[WhiteClock "0:01:17"]
[BlackClock "0:01:42"]
[Variant "Standard"]

1. e4 {[%clk 0:03:00]}  e6 {[%clk 0:03:00]} 2. d4 {[%clk 0:02:58]}  d5 {[%clk 0:03:00]} 3. e5 {[%clk 0:02:57]}  c5 {[%clk 0:03:00]} 4. c3 {[%clk 0:02:58]}  Nc6 {[%clk 0:02:56]} 5. Nf3 {[%clk 0:02:56]}  Qb6 {[%clk 0:02:57]} 6. Bd3 {[%clk 0:02:55]}  cxd4 {[%clk 0:02:57]} 7. cxd4 {[%clk 0:02:53]}  Bd7 {[%clk 0:02:57]} 8. O-O {[%clk 0:02:53]}  Nxd4 {[%clk 0:02:58]} 9. Nxd4 {[%clk 0:02:52]}  Qxd4 {[%clk 0:02:59]} 10. Nc3 {[%clk 0:02:52]}  a6 {[%clk 0:02:59]} 11. Qe2 {[%clk 0:02:52]}  Ne7 {[%clk 0:03:00]} 12. Kh1 {[%clk 0:02:50]}  Nc6 {[%clk 0:03:00]} 13. f4 {[%clk 0:02:49]}  Bc5 {[%clk 0:02:58]} 14. a3 {[%clk 0:02:42]}  Ba7 {[%clk 0:02:56]} 15. Bd2 {[%clk 0:02:41]}  O-O {[%clk 0:02:38]} 16. Rf3 {[%clk 0:02:30]}  g6 {[%clk 0:02:19]} 17. Be3 {[%clk 0:02:28]}  Rfc8 {[%clk 0:02:08]} 18. Bxd4 {[%clk 0:02:25]}  Nxd4 {[%clk 0:02:09]} 19. Qd1 {[%clk 0:02:22]}  Nxf3 {[%clk 0:02:08]} 20. Qxf3 {[%clk 0:02:22]}  Bc6 {[%clk 0:02:08]} 21. Qg3 {[%clk 0:02:15]}  Bd4 {[%clk 0:02:06]} 22. f5 {[%clk 0:02:07]}  exf5 {[%clk 0:02:06]} 23. Bxf5 {[%clk 0:02:06]}  Re8 {[%clk 0:02:07]} 24. Re1 {[%clk 0:01:59]}  Re7 {[%clk 0:02:07]} 25. e6 {[%clk 0:01:58]}  Rae8 {[%clk 0:02:04]} 26. exf7+ {[%clk 0:01:52]}  Kxf7 {[%clk 0:02:05]} 27. Rxe7+ {[%clk 0:01:49]}  Rxe7 {[%clk 0:02:06]} 28. Bg4 {[%clk 0:01:44]}  Bf6 {[%clk 0:02:03]} 29. Bf3 {[%clk 0:01:41]}  d4 {[%clk 0:02:03]} 30. Nd5 {[%clk 0:01:37]}  Bxd5 {[%clk 0:01:55]} 31. Bxd5+ {[%clk 0:01:37]}  Kg7 {[%clk 0:01:56]} 32. h4 {[%clk 0:01:34]}  Re3 {[%clk 0:01:55]} 33. Qc7+ {[%clk 0:01:33]}  Re7 {[%clk 0:01:56]} 34. Qc8 {[%clk 0:01:30]}  Bxh4 {[%clk 0:01:47]} 35. Qg8+ {[%clk 0:01:29]}  Kh6 {[%clk 0:01:47]} 36. Qf8+ {[%clk 0:01:28]}  Rg7 {[%clk 0:01:43]} 37. Qf4+ {[%clk 0:01:25]}  g5 {[%clk 0:01:43]} 38. Qf6+ {[%clk 0:01:21]}  Rg6 {[%clk 0:01:42]} 39. Qf8+ {[%clk 0:01:17]}  Kh5 {[%clk 0:01:42]} 1-0

[Event "April 9 Early 2024"]
[Site "Chess.com"]
[Date "2024.04.09"]
[Round "10"]
[White "Vincenti, Leonardo"]
[Black "Reprintsev, Alexander"]
[Result "1-0"]
[Board "134"]
[WhiteFideId "28550820"]
[BlackFideId "14100541"]
[WhiteTitle "CM"]
[BlackTitle "IM"]
[WhiteElo "2301"]
[BlackElo "2486"]
[WhiteTeam "ITA"]
[BlackTeam "UKR"]
[WhiteClock "0:00:33"]
[BlackClock "0:00:18"]
[Variant "Standard"]

1. c4 {[%clk 0:03:00]}  e5 {[%clk 0:02:58]} 2. g3 {[%clk 0:03:00]}  c6 {[%clk 0:02:53]} 3. Bg2 {[%clk 0:03:00]}  d5 {[%clk 0:02:53]} 4. cxd5 {[%clk 0:02:57]}  cxd5 {[%clk 0:02:53]} 5. d4 {[%clk 0:02:53]}  e4 {[%clk 0:02:49]} 6. Nc3 {[%clk 0:02:47]}  Nc6 {[%clk 0:02:47]} 7. Nh3 {[%clk 0:02:43]}  h6 {[%clk 0:02:36]} 8. f3 {[%clk 0:02:38]}  Nf6 {[%clk 0:02:31]} 9. fxe4 {[%clk 0:02:34]}  dxe4 {[%clk 0:02:30]} 10. d5 {[%clk 0:02:32]}  Ne5 {[%clk 0:02:26]} 11. Bf4 {[%clk 0:02:28]}  Bd6 {[%clk 0:02:20]} 12. Nf2 {[%clk 0:02:18]}  O-O {[%clk 0:02:06]} 13. O-O {[%clk 0:02:17]}  Bf5 {[%clk 0:02:04]} 14. Nfxe4 {[%clk 0:02:10]}  Nxe4 {[%clk 0:02:03]} 15. Bxe4 {[%clk 0:02:08]}  Bc5+ {[%clk 0:02:00]} 16. Kh1 {[%clk 0:02:05]}  Bxe4+ {[%clk 0:01:56]} 17. Nxe4 {[%clk 0:02:05]}  Nd7 {[%clk 0:01:56]} 18. Rc1 {[%clk 0:01:59]}  b6 {[%clk 0:01:55]} 19. d6 {[%clk 0:01:54]}  Re8 {[%clk 0:01:43]} 20. Qd5 {[%clk 0:01:53]}  Nf6 {[%clk 0:01:36]} 21. Nxf6+ {[%clk 0:01:49]}  Qxf6 {[%clk 0:01:36]} 22. d7 {[%clk 0:01:44]}  Rf8 {[%clk 0:01:12]} 23. Bc7 {[%clk 0:01:38]}  Qe7 {[%clk 0:01:10]} 24. e4 {[%clk 0:01:20]}  a5 {[%clk 0:01:04]} 25. Rxc5 {[%clk 0:01:11]}  bxc5 {[%clk 0:01:03]} 26. Rd1 {[%clk 0:01:07]}  Rad8 {[%clk 0:01:02]} 27. e5 {[%clk 0:01:03]}  Kh7 {[%clk 0:00:55]} 28. Kg2 {[%clk 0:00:58]}  f5 {[%clk 0:00:47]} 29. Bxd8 {[%clk 0:00:53]}  Rxd8 {[%clk 0:00:46]} 30. e6 {[%clk 0:00:41]}  Kg6 {[%clk 0:00:44]} 31. Rf1 {[%clk 0:00:38]}  Rf8 {[%clk 0:00:39]} 32. Rxf5 {[%clk 0:00:38]}  Rxf5 {[%clk 0:00:18]} 33. d8=Q {[%clk 0:00:33]} 1-0

[Event "April 9 Early 2024"]
[Site "Chess.com"]
[Date "2024.04.09"]
[Round "10"]
[White "Marcziter, Dmitrii"]
[Black "Bazilius, Augustinas"]
[Result "1-0"]
[Board "135"]
[WhiteFideId "13900765"]
[BlackFideId "12832251"]
[WhiteTitle "FM"]
[BlackTitle "CM"]
[WhiteElo "2294"]
[BlackElo "2480"]
[WhiteTeam "GER"]
[BlackTeam "LTU"]
[WhiteClock "0:00:17"]
[BlackClock "0:00:00"]
[Variant "Standard"]

1. d4 {[%clk 0:02:56]}  Nf6 {[%clk 0:02:56]} 2. Nf3 {[%clk 0:02:54]}  g6 {[%clk 0:02:55]} 3. c4 {[%clk 0:02:53]}  Bg7 {[%clk 0:02:55]} 4. g3 {[%clk 0:02:54]}  d6 {[%clk 0:02:55]} 5. Bg2 {[%clk 0:02:55]}  O-O {[%clk 0:02:56]} 6. Nc3 {[%clk 0:02:56]}  Nc6 {[%clk 0:02:53]} 7. O-O {[%clk 0:02:57]}  e5 {[%clk 0:02:52]} 8. d5 {[%clk 0:02:51]}  Nb8 {[%clk 0:02:52]} 9. e4 {[%clk 0:02:51]}  a5 {[%clk 0:02:50]} 10. Ne1 {[%clk 0:02:49]}  Ne8 {[%clk 0:02:43]} 11. Nd3 {[%clk 0:02:48]}  f5 {[%clk 0:02:42]} 12. f3 {[%clk 0:02:47]}  Na6 {[%clk 0:02:41]} 13. Be3 {[%clk 0:02:46]}  b6 {[%clk 0:02:29]} 14. a3 {[%clk 0:02:43]}  Nc5 {[%clk 0:02:14]} 15. b3 {[%clk 0:02:40]}  Bd7 {[%clk 0:02:06]} 16. Rb1 {[%clk 0:02:38]}  Nf6 {[%clk 0:01:59]} 17. Nf2 {[%clk 0:02:26]}  Nh5 {[%clk 0:01:37]} 18. b4 {[%clk 0:02:10]}  axb4 {[%clk 0:01:34]} 19. axb4 {[%clk 0:02:10]}  Na4 {[%clk 0:01:13]} 20. Bd2 {[%clk 0:02:03]}  Nxc3 {[%clk 0:01:09]} 21. Bxc3 {[%clk 0:02:03]}  Qe8 {[%clk 0:00:49]} 22. Qe2 {[%clk 0:01:56]}  Qf7 {[%clk 0:00:42]} 23. Nd3 {[%clk 0:01:50]}  Ra3 {[%clk 0:00:37]} 24. Rbc1 {[%clk 0:01:48]}  Rfa8 {[%clk 0:00:33]} 25. Rc2 {[%clk 0:01:45]}  Ba4 {[%clk 0:00:29]} 26. Rcc1 {[%clk 0:01:43]}  Bh6 {[%clk 0:00:19]} 27. Bd2 {[%clk 0:01:38]}  Ra2 {[%clk 0:00:18]} 28. f4 {[%clk 0:01:25]}  exf4 {[%clk 0:00:17]} 29. gxf4 {[%clk 0:01:22]}  fxe4 {[%clk 0:00:16]} 30. Bxe4 {[%clk 0:01:18]}  Re8 {[%clk 0:00:14]} 31. Ra1 {[%clk 0:00:46]}  Rxa1 {[%clk 0:00:11]} 32. Rxa1 {[%clk 0:00:45]}  Qf6 {[%clk 0:00:10]} 33. Rxa4 {[%clk 0:00:40]}  Qd4+ {[%clk 0:00:10]} 34. Nf2 {[%clk 0:00:34]}  Bxf4 {[%clk 0:00:10]} 35. Ra2 {[%clk 0:00:26]}  Bxd2 {[%clk 0:00:07]} 36. Qxd2 {[%clk 0:00:25]}  Rxe4 {[%clk 0:00:04]} 37. Qxd4 {[%clk 0:00:25]}  Rxd4 {[%clk 0:00:05]} 38. Rc2 {[%clk 0:00:24]}  Nf4 {[%clk 0:00:04]} 39. h4 {[%clk 0:00:22]}  Nd3 {[%clk 0:00:02]} 40. Nxd3 {[%clk 0:00:20]}  Rxd3 {[%clk 0:00:03]} 41. Kh2 {[%clk 0:00:18]}  Kg7 {[%clk 0:00:03]} 42. b5 {[%clk 0:00:18]}  Rd4 {[%clk 0:00:04]} 43. Kg3 {[%clk 0:00:17]}  Re4 {[%clk 0:00:04]} 44. Kh3 {[%clk 0:00:16]}  h6 {[%clk 0:00:04]} 45. Kg3 {[%clk 0:00:16]}  g5 {[%clk 0:00:05]} 46. hxg5 {[%clk 0:00:16]}  hxg5 {[%clk 0:00:06]} 47. Kf3 {[%clk 0:00:17]}  Kg6 {[%clk 0:00:00]} 48. Kxe4 {[%clk 0:00:17]} 1-0

[Event "April 9 Early 2024"]
[Site "Chess.com"]
[Date "2024.04.09"]
[Round "10"]
[White "Ghosh, Chanchal Kumer"]
[Black "Garv Gaur"]
[Result "0-1"]
[Board "136"]
[WhiteFideId "10201858"]
[BlackFideId "45030839"]
[WhiteTitle "CM"]
[BlackTitle "FM"]
[WhiteElo "2281"]
[BlackElo "2469"]
[WhiteTeam "BAN"]
[BlackTeam "IND"]
[WhiteClock "0:00:18"]
[BlackClock "0:00:25"]
[Variant "Standard"]

1. e4 {[%clk 0:03:00]}  g6 {[%clk 0:02:58]} 2. Nf3 {[%clk 0:03:00]}  Bg7 {[%clk 0:02:57]} 3. d4 {[%clk 0:03:01]}  c6 {[%clk 0:02:57]} 4. c4 {[%clk 0:03:00]}  d5 {[%clk 0:02:57]} 5. cxd5 {[%clk 0:03:00]}  cxd5 {[%clk 0:02:57]} 6. e5 {[%clk 0:03:00]}  Nc6 {[%clk 0:02:58]} 7. Be2 {[%clk 0:02:58]}  Bg4 {[%clk 0:02:57]} 8. O-O {[%clk 0:02:57]}  e6 {[%clk 0:02:57]} 9. Nc3 {[%clk 0:02:57]}  Nge7 {[%clk 0:02:57]} 10. Bg5 {[%clk 0:02:54]}  Qb6 {[%clk 0:02:54]} 11. Nb5 {[%clk 0:02:51]}  O-O {[%clk 0:02:51]} 12. Nd6 {[%clk 0:02:37]}  h6 {[%clk 0:02:41]} 13. Be3 {[%clk 0:02:34]}  Nc8 {[%clk 0:02:33]} 14. Nxc8 {[%clk 0:02:29]}  Raxc8 {[%clk 0:02:34]} 15. b3 {[%clk 0:02:21]}  Nb4 {[%clk 0:02:20]} 16. Ne1 {[%clk 0:01:58]}  Bxe2 {[%clk 0:01:57]} 17. Qxe2 {[%clk 0:01:57]}  Rc7 {[%clk 0:01:56]} 18. a3 {[%clk 0:01:55]}  Nc6 {[%clk 0:01:56]} 19. Qd2 {[%clk 0:01:54]}  Qxb3 {[%clk 0:01:52]} 20. Bxh6 {[%clk 0:01:52]}  Bxh6 {[%clk 0:01:48]} 21. Qxh6 {[%clk 0:01:52]}  Nxd4 {[%clk 0:01:49]} 22. h4 {[%clk 0:01:34]}  Nf5 {[%clk 0:01:47]} 23. Qg5 {[%clk 0:01:34]}  Qc3 {[%clk 0:01:45]} 24. Nf3 {[%clk 0:01:32]}  Qc5 {[%clk 0:01:30]} 25. h5 {[%clk 0:01:14]}  Qe7 {[%clk 0:01:26]} 26. Qg4 {[%clk 0:01:14]}  Rc4 {[%clk 0:01:21]} 27. Qh3 {[%clk 0:01:08]}  g5 {[%clk 0:01:21]} 28. g4 {[%clk 0:01:00]}  Nh6 {[%clk 0:01:00]} 29. Nh2 {[%clk 0:00:58]}  f5 {[%clk 0:00:58]} 30. exf6 {[%clk 0:00:55]}  Qxf6 {[%clk 0:00:58]} 31. Rab1 {[%clk 0:00:50]}  b6 {[%clk 0:00:57]} 32. Rb4 {[%clk 0:00:49]}  Qd4 {[%clk 0:00:44]} 33. Rxc4 {[%clk 0:00:44]}  dxc4 {[%clk 0:00:45]} 34. Qg2 {[%clk 0:00:31]}  Qd5 {[%clk 0:00:37]} 35. f3 {[%clk 0:00:26]}  Nf7 {[%clk 0:00:27]} 36. Qe2 {[%clk 0:00:22]}  Ne5 {[%clk 0:00:26]} 37. Kg2 {[%clk 0:00:17]}  Nd3 {[%clk 0:00:26]} 38. Rd1 {[%clk 0:00:16]}  Nf4+ {[%clk 0:00:26]} 39. Kf2 {[%clk 0:00:17]}  Nxe2 {[%clk 0:00:25]} 40. Kxe2 {[%clk 0:00:18]} 0-1

[Event "April 9 Early 2024"]
[Site "Chess.com"]
[Date "2024.04.09"]
[Round "10"]
[White "Baches Garcia, Guillermo"]
[Black "Adam, Ernestina"]
[Result "1/2-1/2"]
[Board "137"]
[WhiteFideId "2209764"]
[BlackFideId "165883"]
[WhiteTitle "IM"]
[BlackTitle "WFM"]
[WhiteElo "2539"]
[BlackElo "2273"]
[WhiteTeam "ESP"]
[BlackTeam "ARG"]
[WhiteClock "0:00:10"]
[BlackClock "0:00:06"]
[Variant "Standard"]

1. e4 {[%clk 0:03:00]}  c5 {[%clk 0:02:59]} 2. Nf3 {[%clk 0:03:01]}  d6 {[%clk 0:02:59]} 3. d4 {[%clk 0:03:01]}  cxd4 {[%clk 0:03:00]} 4. Qxd4 {[%clk 0:03:02]}  Nc6 {[%clk 0:02:59]} 5. Bb5 {[%clk 0:03:02]}  Bd7 {[%clk 0:02:59]} 6. Qd3 {[%clk 0:03:02]}  Nf6 {[%clk 0:02:57]} 7. c4 {[%clk 0:03:02]}  g6 {[%clk 0:02:53]} 8. Nc3 {[%clk 0:03:02]}  Bg7 {[%clk 0:02:54]} 9. h3 {[%clk 0:03:02]}  O-O {[%clk 0:02:54]} 10. O-O {[%clk 0:03:03]}  a6 {[%clk 0:02:49]} 11. Bxc6 {[%clk 0:03:03]}  Bxc6 {[%clk 0:02:48]} 12. Nd4 {[%clk 0:03:03]}  Nd7 {[%clk 0:02:47]} 13. Be3 {[%clk 0:03:02]}  Nc5 {[%clk 0:02:46]} 14. Qc2 {[%clk 0:03:02]}  Qd7 {[%clk 0:02:37]} 15. Rac1 {[%clk 0:02:56]}  Rfc8 {[%clk 0:02:31]} 16. Rfd1 {[%clk 0:02:52]}  Ne6 {[%clk 0:02:28]} 17. Nxe6 {[%clk 0:02:46]}  Qxe6 {[%clk 0:02:27]} 18. Bd4 {[%clk 0:02:43]}  Qxc4 {[%clk 0:02:24]} 19. Bxg7 {[%clk 0:02:19]}  Kxg7 {[%clk 0:02:25]} 20. Re1 {[%clk 0:02:08]}  b5 {[%clk 0:02:21]} 21. Qd2 {[%clk 0:02:07]}  Qe6 {[%clk 0:02:13]} 22. Nd5 {[%clk 0:02:03]}  Bxd5 {[%clk 0:02:12]} 23. exd5 {[%clk 0:01:57]}  Qf6 {[%clk 0:02:12]} 24. Rc6 {[%clk 0:01:48]}  Rd8 {[%clk 0:01:31]} 25. Rc7 {[%clk 0:01:36]}  Re8 {[%clk 0:01:31]} 26. Re3 {[%clk 0:01:36]}  Rac8 {[%clk 0:01:20]} 27. Rexe7 {[%clk 0:01:17]}  Qxe7 {[%clk 0:00:34]} 28. Rxe7 {[%clk 0:01:15]}  Rxe7 {[%clk 0:00:34]} 29. Qd4+ {[%clk 0:01:15]}  f6 {[%clk 0:00:33]} 30. Qb6 {[%clk 0:01:11]}  Re5 {[%clk 0:00:17]} 31. Qxa6 {[%clk 0:00:57]}  Rc1+ {[%clk 0:00:15]} 32. Kh2 {[%clk 0:00:57]}  Rd1 {[%clk 0:00:13]} 33. Qxb5 {[%clk 0:00:48]}  Rdxd5 {[%clk 0:00:13]} 34. Qd7+ {[%clk 0:00:47]}  Kg8 {[%clk 0:00:12]} 35. a4 {[%clk 0:00:43]}  Rd2 {[%clk 0:00:07]} 36. a5 {[%clk 0:00:34]}  Ree2 {[%clk 0:00:07]} 37. a6 {[%clk 0:00:26]}  Rxf2 {[%clk 0:00:07]} 38. Qc6 {[%clk 0:00:18]}  d5 {[%clk 0:00:07]} 39. a7 {[%clk 0:00:09]}  Rxg2+ {[%clk 0:00:06]} 40. Kh1 {[%clk 0:00:09]}  Rh2+ {[%clk 0:00:06]} 41. Kg1 {[%clk 0:00:09]}  Rhg2+ {[%clk 0:00:07]} 42. Kh1 {[%clk 0:00:10]}  Rh2+ {[%clk 0:00:06]} 43. Kg1 {[%clk 0:00:10]}  Rhg2+ {[%clk 0:00:06]} 44. Kh1 {[%clk 0:00:10]} 1/2-1/2